Student solutions manual to accompany Multivariable calculus

Αποθηκεύτηκε σε:
Λεπτομέρειες βιβλιογραφικής εγγραφής
Άλλοι συγγραφείς: McCallum, William Gordon
Μορφή: Βιβλίο
Γλώσσα:English
Δημοσίευση: New York : John Wiley, c1998
Θέματα:
Ετικέτες: Προσθήκη ετικέτας
Δεν υπάρχουν, Καταχωρήστε ετικέτα πρώτοι!

MARC

LEADER 00000nam a2200000 i 4500
001 1/53668
008 980907s1998 eng d
020 |a 0-471-24053-2 
020 |a 0-471-17356-8 
035 |l 10044769 
040 |a GR-MY-UA  |b gre  |e aacr 
041 0 |a eng 
082 0 |a 515 
245 1 0 |a Student solutions manual to accompany Multivariable calculus /  |c William G. McCallum...[et.al.] 
260 |a New York :   |b John Wiley,   |c c1998 
300 |a 151 p.;  |b ill.;  |c 26 cm. 
650 0 0 |a Calculus. 
700 1 |a McCallum, William Gordon. 
852 |a INST  |b SAMOS  |e 19980907  |h 515 STU  |p 005300010884  |q 005300010884  |t BK  |y 0 
852 |a INST  |b SAMOS  |e 19980907  |h 515 STU  |p 005300010885  |q 005300010885  |t BK  |y 0 
901 |a BIBL-1998-3 
909 |a Σ  |b 057553 
909 |a Σ  |b 057554 
922 |a 3ΕΛΗ  |b 199807  |c ΔΩΡ  |d JOHN WILEY